Statistiques concernant Vocabulaires Russe Animales #2

Cliquez ici pour prendre le quiz!

Statistiques générales

  • Ce quiz a été pris 72 fois
  • Le résultat moyen est 8 sur 12

Statistiques - réponses

Animal en russeAnimal en français% Correct
СобакаChien
98%
КошкаChat
97%
ТигрTigre
90%
КрокодилCrocodile
86%
ЛеопардLéopard
83%
ЛевLion
79%
МедведьOurs
75%
ТигрицаTigresse
57%
ЧерепахаTortue
33%
ПаукAraignée
29%
ЛисаRenard
29%
Носорогrhinocéros
22%

Distribution des résultats

Percentile par nombre de réponses

% des personnes avec chaque résultat

Votre développement - résultats

Vous n’avez pas pris ce quiz